Statistics for Danmarks Kommuner efter 2007

Click here to take the quiz!

General Stats

  • This quiz has been taken 124 times
  • The average score is 49 of 98

Answer Stats

RegionAnswer% Correct
HovedstadenKøbenhavns Kommune
92%
NordjyllandAalborg Kommune
91%
SyddanmarkOdense Kommune
91%
MidtjyllandÅrhus Kommune
88%
SyddanmarkEsbjerg Kommune
88%
SyddanmarkVejle Kommune
82%
MidtjyllandHerning Kommune
79%
NordjyllandFrederikshavn Kommune
77%
SyddanmarkKolding Kommune
76%
SjællandRoskilde Kommune
76%
MidtjyllandSilkeborg Kommune
73%
SyddanmarkFredericia Kommune
71%
SjællandSlagelse Kommune
71%
SyddanmarkSønderborg Kommune
71%
MidtjyllandViborg Kommune
69%
SjællandLolland Kommune
68%
SyddanmarkSvendborg Kommune
68%
SyddanmarkMiddelfart Kommune
67%
MidtjyllandRanders Kommune
67%
HovedstadenHelsingør Kommune
65%
HovedstadenHillerød Kommune
64%
SjællandKøge Kommune
64%
SyddanmarkTønder Kommune
64%
SyddanmarkAabenraa Kommune
63%
HovedstadenBornholms Kommune
63%
HovedstadenFrederiksberg Kommune
63%
SyddanmarkHaderslev Kommune
63%
SyddanmarkNyborg Kommune
63%
HovedstadenBrøndby Kommune
60%
MidtjyllandHolstebro Kommune
59%
MidtjyllandSkanderborg Kommune
59%
MidtjyllandHorsens Kommune
58%
MidtjyllandRingkøbing-Skjern Kommune
58%
SjællandRingsted Kommune
58%
NordjyllandThisted Kommune
58%
SjællandNæstved Kommune
56%
SjællandKalundborg Kommune
54%
NordjyllandHjørring Kommune
53%
MidtjyllandSamsø Kommune
53%
SyddanmarkBillund Kommune
50%
SyddanmarkFaaborg-Midtfyn Kommune
50%
MidtjyllandIkast-Brande Kommune
50%
SyddanmarkLangeland Kommune
50%
HovedstadenRødovre Kommune
50%
SjællandVordingborg Kommune
50%
HovedstadenDragør Kommune
49%
HovedstadenHvidovre Kommune
49%
SyddanmarkAssens Kommune
47%
NordjyllandBrønderslev-Dronninglund Kommune
47%
HovedstadenBallerup Kommune
46%
NordjyllandLæsø Kommune
46%
MidtjyllandLemvig Kommune
46%
HovedstadenLyngby-Taarbæk Kommune
46%
SyddanmarkVejen Kommune
46%
MidtjyllandNorddjurs Kommune
45%
MidtjyllandSkive Kommune
45%
MidtjyllandSyddjurs Kommune
45%
HovedstadenFrederikssund Kommune
44%
SjællandHolbæk Kommune
44%
SyddanmarkFanø Kommune
42%
SyddanmarkVarde Kommune
42%
HovedstadenAllerød Kommune
41%
HovedstadenFrederiksværk-Hundested Kommune
41%
SjællandSorø Kommune
41%
HovedstadenAlbertslund Kommune
40%
MidtjyllandStruer Kommune
40%
HovedstadenGentofte Kommune
38%
MidtjyllandOdder Kommune
38%
HovedstadenFredensborg Kommune
37%
HovedstadenGladsaxe Kommune
37%
SjællandGuldborgsund Kommune
37%
HovedstadenHerlev Kommune
37%
HovedstadenIshøj Kommune
36%
HovedstadenTårnby Kommune
36%
SyddanmarkÆrø Kommune
35%
HovedstadenGlostrup Kommune
35%
SjællandGreve Kommune
35%
HovedstadenHørsholm Kommune
35%
NordjyllandJammerbugt Kommune
35%
SyddanmarkKerteminde Kommune
35%
NordjyllandMariagerfjord Kommune
35%
HovedstadenHøje-Taastrup Kommune
32%
NordjyllandMorsø Kommune
32%
SyddanmarkNordfyns Kommune
32%
SjællandFaxe Kommune
31%
SjællandSolrød Kommune
31%
HovedstadenFuresø Kommune
28%
MidtjyllandHedensted Kommune
28%
HovedstadenEgedal Kommune
27%
HovedstadenRudersdal Kommune
27%
NordjyllandVesthimmerlands Kommune
26%
MidtjyllandFavrskov Kommune
24%
SjællandLejre Kommune
24%
SjællandStevns Kommune
24%
SjællandOdsherred Kommune
23%
NordjyllandRebild Kommune
23%
HovedstadenGribskov Kommune
22%
HovedstadenVallensbæk Kommune
19%

Score Distribution

Percentile by Number Answered

Percent of People with Each Score

Your Score History

You have not taken this quiz